Riptide Vance Joy - Paroles - Statistiques

Statistiques générales
  • Ce quiz a été pris 64 fois
  • Le résultat moyen est 258 sur 344
Statistiques - réponses
Réponse % Correct
I
98%
the
96%
was
94%
a
92%
dark
92%
and
90%
And
90%
in
90%
riptide
90%
you
90%
scared
88%
when
88%
be
86%
love
86%
my
86%
your
86%
all
84%
pretty
84%
to
84%
conversations
82%
girls
82%
wanna
82%
wanna,
82%
You're
82%
you're
82%
Lady
80%
lady
80%
of
80%
that
80%
friends
78%
Oh
78%
oh
78%
sing
78%
song
78%
starting
78%
are
76%
down
76%
side
76%
singing
76%
away
75%
dream
75%
got
75%
turning
75%
dentists
73%
green
73%
man
73%
running
73%
Taken
73%
wrong
73%
gonna
69%
gonna,
69%
words
69%
'cause
63%
left-hand
61%
their
61%
assistant
59%
it,
59%
it
59%
lump
59%
on
59%
have
57%
just
57%
magician's
57%
throat
57%
way
57%
come
55%
know
55%
stay
55%
If
53%
this
53%
This
53%
for
51%
they
51%
think
51%
from
49%
movie
49%
other
49%
she's
49%
any
47%
his
47%
like
47%
Michelle
45%
New York City
45%
can't
43%
gotta,
43%
gotta
43%
seen
43%
swear
43%
ever
41%
been
39%
guy
39%
living
39%
screen
39%
destined
37%
himself
37%
thing
37%
unstuck
37%
shelf
35%
job
33%
Pfeiffer
33%
you've
33%
Closest
31%
decides
31%
cowboy's
29%
heads
29%
highest
29%
you'll
27%
There's
16%
quite
10%
yeah
8%
Aucun quiz correspondant
Distribution des résultats
% des personnes avec chaque résultat
Percentile par nombre de réponses
Votre historique - résultats
Vous n’avez pas pris ce quiz